000 00608cam a22001935a 4500
001 L143707
008 080528s2004 xxk f 000 0 eng d
020 _a9780007107926
035 _a(Sirsi) u143707
041 0 _aeng
100 1 _aBlanchard, Ken
245 0 4 _aThe one minute manager
_bincrease productivity, profits and your own prosperity
260 _aLondon
_bHarper Collins Publishers
_c2004
300 _a111p.
_c20cm.
520 _aParable-style covers key tactics for increasing ability and effectiveness as a manager.
651 4 _aInternational
700 1 _aJohnson, Spencer
942 _n0
999 _c108255
_d108255